Загрузка...
District planning : concept, setting and state level applications /
| Главный автор: | |
|---|---|
| Формат: | Printed Book |
| Язык: | English |
| Опубликовано: |
Jaipur:
Aalekh,
1986.
|
| LEADER | 00483 a2200121 4500 | ||
|---|---|---|---|
| 008 | 100208b ||||| |||| 00| 0 eng d | ||
| 082 | |a 338.9 | ||
| 100 | |a Hooja, Rakesh. | ||
| 245 | |a District planning : |b concept, setting and state level applications / | ||
| 260 | |b Aalekh, |a Jaipur: |c 1986. | ||
| 942 | |c BK | ||
| 999 | |c 314939 |d 314939 | ||
| 952 | |0 0 |1 0 |2 ddc |4 0 |6 338_900000000000000_HOO_D |7 0 |9 361038 |a ECN |b ECN |c GEN |d 2010-09-07 |g 0.00 |i 5449 |l 15 |m 13 |o 338.9 HOO/D |p ECN5449 |r 2020-09-22 |s 2019-02-13 |w 2010-09-07 |y BK | ||